| 000 | 00589nam a22002417a 4500 | ||
|---|---|---|---|
| 003 | UA-OsUOA | ||
| 001 | 30866 | ||
| 007 | ta | ||
| 008 | 20041116b un ||||| |||| 00| 0 ukr d | ||
| 100 | _aСтеповик Дмитро | ||
| 090 |
_a7(477) _bС79 |
||
| 942 | _cBK | ||
| 040 |
_aUA-OsUOA _bukr _cUA-OsUOA _dUA-OsUOA |
||
| 245 | _aМистецька збірка Стецькових | ||
| 300 |
_a146 с. _bІлюстрації |
||
| 955 | _a0 | ||
| 041 | _aukr | ||
| 080 | _a7(477) | ||
| 260 |
_aSurrey Lane Sarasota _c1992 |
||
| 044 | _aUS | ||
| 650 | 7 | _2UDC | |
| 999 |
_c317281 _d317281 |
||